01488cpcaa2200337 a 4500001001300000003000400013005001700017008004100034010001700075040002400092041001300116072001200129100005600141245007100197300001300268506002200281520017300303533003700476545012800513546006100641580005700702600007900759600006900838651003100907651003800938651003300976651003001009651003801039656003501077656003801112mm 80003799 DLC20260227111702.0800115|||||||||||| fre  amm 80003799  aDLCcDLCedacsdDLC1 afreaeng 7aC2lcmd1 aBellune, Claude-Victor Perrin,cduc de,d1764-1841.00aProclamation of Claude-Victor Perrin, duc de Bellune,fcirca 1802. a1fitem.0 aOpen to research.8 aTranscript of a proclamation issued by Bellune as Napoleon I's captain-general in Louisiana notifying its citizens that the territory had been ceded by Spain to France. aTypewritten transcript.b[S.l.].0 aFrench public official and army officer. Full name: Claude-Victor Perrin. Known as Victor. Named duc de Bellune in 1808. aCollection material in French, with English translation. aForms part of: Miscellaneous Manuscripts collection.00aNapoleonbI,cEmperor of the French,d1769-1821xRelations with Americans.10aNapoleonbI,cEmperor of the French,d1769-1821xContemporaries. 0aFrancexColonieszAmerica. 0aFrancexForeign relationszSpain. 0aLouisianaxHistoryyTo 1803. 0aSpainxColonieszAmerica. 0aSpainxForeign relationszFrance. 7aArmy officers, French.2itoamc 7aPublic officialszFrance.2itoamc